000 01219cam a2200241 4500
001 ##L134668
008 060824n2006 000 0 eng u
020 _a0110749839
035 _a(Sirsi) u134668
041 0 _aeng
245 0 4 _aThe Commons (Severance of Rights) (England) Order 2006
260 _aLondon
_bTSO
_c2006
490 0 _aSI
_v2006: 2145
520 _aPermits the temporary severance of a right of common to graze animals from the land to which the right is attached by enabling the leasing or licensing of the right to a third person for no more than two years or by a lease or licence of the land without the right. The Order comes into force on 9 September 2006 with retrospective effect as from 28 June 2005 so that any lease or licence granted after that date is not void by virtue of the Commons Act 2006 s9(3).
590 _aIKA050906
650 2 4 _aCOMMONS ACT 2006 S9(7)
650 2 4 _aCOMMONS (SEVERANCE OF RIGHTS) (ENGLAND) ORDER 2006
650 2 4 _aCOMMONS ACT 2006 S9(3)
651 4 _aEngland
_y886-
690 _aPROPERTY-RURAL AND NATURAL ASSETS-LAND
856 4 0 _uhttps://www.opsi.gov.uk/si/si2006/20062145.htm
_zView the Order free of charge at www.opsi.gov.uk...
942 _n0
999 _c105765
_d105765